• 首页
  • 本馆介绍
  • 公告通知
  • 最新文献
  • 馆藏检索
  • 电子资源
  • 读者导购
  • 参考咨询
  • 我的图书馆
  • 登录
  • 详细信息显示
  • 放入我的书架
  • 预约/预借图书
  • 作者相关作品
  • 分类相关作品
  • 丛书相关作品
  • 出版社相关作品

书目信息

  • 表格格式
  • 工作单格式
  • 卡片格式
题名:
临床心电图诊断手册
    
 
作者: 黄大显 主编
分册:  
出版信息: 北京   人民卫生出版社  1985.4
页数: 131页
开本: 12cm
丛书名:
单 册:
中图分类: R540.4-62
科图分类:
主题词: 心脏血管疾病
电子资源:
ISBN:
000 00540nam0 2200181 45
001 0181013280
005 20060105142400.23
010    @dCNY0.54
100    @a20810111d km y0chiy0120 ea
101 0  @achi
200 1  @a临床心电图诊断手册@Alin chuang xin dian tu zhen duan shou ce@f黄大显主编@Fhuang da xian zhu bian
210    @a北京@c人民卫生出版社@d1985.4
215    @a131页@d12cm
606 0  @a心脏血管疾病
690    @aR540.4-62
701 0  @a黄大显@Ahuang da xian@4主编
801    @aCN@bTSTC@c20060105
905    @dR540.4-62@e29@f3@b137165-67
    
    临床心电图诊断手册/黄大显主编.-北京:人民卫生出版社,1985.4
    131页;12cm
    
    
    ISBN :CNY0.54
    
●
相关链接 在E读中查询图书 在五车中查询图书 在当当中查询图书 在豆瓣中查询图书


正题名:临床心电图诊断手册     索取号:R540.4-62/29         预约/预借

序号 登录号 条形码 馆藏地/架位号 状态 备注
1 0137168   000701020   密集书库/ [索取号:R540.4-62/29] 在馆    
2 0137169   000701039   密集书库/ [索取号:R540.4-62/29] 在馆    
唐山师范学院图书馆 欢迎您!
大连网信软件有限公司© 版权所有